Men in space : (Record no. 128284)

MARC details
000 -LEADER
fixed length control field 00825nam a22002297a 4500
005 - DATE AND TIME OF LATEST TRANSACTION
control field 20170124110037.0
010 ## - LIBRARY OF CONGRESS CONTROL NUMBER
LC control number A-039926
020 ## - INTERNATIONAL STANDARD BOOK NUMBER
Terms of availability 00.00
International Standard Book Number 852000065
035 ## - SYSTEM CONTROL NUMBER
System control number A-039926
037 ## - SOURCE OF ACQUISITION
Source of stock number/acquisition Cen Lib/Ret
040 ## - CATALOGING SOURCE
Original cataloging agency DPL
Language of cataloging EN
082 ## - DEWEY DECIMAL CLASSIFICATION NUMBER
Classification number 679.14353
Item number MEN
245 ## - TITLE STATEMENT
Title Men in space :
Statement of responsibility, etc edited by Eugene Rabinowitch [and] Richard S. Lewis
Remainder of title the impact on science, technology, and international cooperation /
260 ## - PUBLICATION, DISTRIBUTION, ETC. (IMPRINT)
Place of publication, distribution, etc Bucks
Name of publisher, distributor, etc MTP, Medical And Technical Publishing Co. Ltd
Date of publication, distribution, etc 1970
270 ## - ADDRESS
Address Chiltern house, Oxford Road, Aylesbury
City Bucks
300 ## - PHYSICAL DESCRIPTION
Extent xiv,204p.
Dimensions 20cm(Hb)
650 ## - SUBJECT ADDED ENTRY--TOPICAL TERM
Topical term or geographic name as entry element Astronautics--International cooperation
9 (RLIN) 22931
650 ## - SUBJECT ADDED ENTRY--TOPICAL TERM
Topical term or geographic name as entry element Humanities
9 (RLIN) 22932
700 ## - ADDED ENTRY--PERSONAL NAME
Personal name Rabinowitch, Eugene
9 (RLIN) 22927
700 ## - ADDED ENTRY--PERSONAL NAME
Personal name Lewis, Richard S.
9 (RLIN) 22928
942 ## - ADDED ENTRY ELEMENTS (KOHA)
Source of classification or shelving scheme Dewey Decimal Classification
Koha item type English Books
Classification part 679.14353
Call number suffix MEN
Holdings
Withdrawn status Lost status Damaged status Not for loan Home library Current library Date acquired Source of acquisition Cost, normal purchase price Total Checkouts Full call number Barcode Date last seen Copy number Cost, replacement price Price effective from Koha item type Public note
Written off       Central Library Central Library 02/07/2015 Cen Lib/Ret 0.00   679.14353 MEN A-039926 02/07/2015 1 0.00 02/07/2015 English Books W/d List No. 6880/12 ; dtd 01/09/2020

© Delhi Public Library
Hit Counter
free hit counter